La imperfecta casada / (Record no. 101003)

MARC details
000 -LEADER
campo de control de longitud fija 00634nam a2200217 i 4500
001 - NÚMERO DE CONTROL
campo de control 101003
003 - IDENTIFICADOR DE NÚMERO DE CONTROL
campo de control ES-MaACL
005 - FECHA Y HORA DE LA ÚLTIMA TRANSACCIÓN
campo de control 20230906182813.0
007 - CAMPO FIJO DE DESCRIPCIÓN FÍSICA--INFORMACIÓN GENERAL
campo de control de longitud fija t|
008 - DATOS DE LONGITUD FIJA--INFORMACIÓN GENERAL
campo de control de longitud fija 051010s1948 sp ||||1| spa d
100 1# - ENTRADA PRINCIPAL--NOMBRE DE PERSONA
Nombre de persona Maugham, W. Somerset.
9 (RLIN) 79192
245 13 - MENCIÓN DEL TÍTULO
Título La imperfecta casada /
Mención de responsabilidad, etc. W. Somerset Maugham; [traducción del inglés por J. Romero de Tejada].
250 ## - MENCION DE EDICION
Mención de edición [1ª ed.].
260 ## - PUBLICACIÓN, DISTRIBUCIÓN, ETC.
Lugar de publicación, distribución, etc. Barcelona :
Nombre del editor, distribuidor, etc. Lara,
Fecha de publicación, distribución, etc. 1948.
300 ## - DESCRIPCIÓN FÍSICA
Extensión 165 p. ;
Dimensiones 19 cm.
490 1# - MENCIÓN DE SERIE
Mención de serie Horizonte
700 1# - ENTRADA AGREGADA--NOMBRE PERSONAL
Nombre de persona Romero de Tejada, J.
9 (RLIN) 99376
830 0# - PUNTO DE ACCESO ADICIONAL DE SERIE-TÍTULO UNIFORME
Título uniforme Horizonte
9 (RLIN) 180916
852 ## - LOCALIZACIÓN
Ubicación ES-MaACL
Número de control de estantería E-520
Sublocalización o colección R.27354
Holdings
Estatus retirado Estado de pérdida Estado de daño No para préstamo Biblioteca de origen Biblioteca actual Ubicación en estantería Fecha de adquisición Fuente de adquisición Total de préstamos Signatura topográfica completa Código de barras Visto por última vez Precio de reemplazo Tipo de ítem Koha
        Biblioteca del Ateneo de Madrid Biblioteca del Ateneo de Madrid Depósito 2 17/01/2008     E-520 1105454 23/02/2023 23/02/2023 Libro impreso